Informe sobre Chile 2006: la base de datos más completa de Chile desde 1975

Պահպանված է:
Մատենագիտական մանրամասներ
Ձևաչափ: Գիրք
Լեզու:իսպաներեն
Հրապարակվել է: Santiago Gestión 2006
Հրատարակություն:1a. ed
Շարք:Colección Estrategia
Խորագրեր:
Ցուցիչներ: Ավելացրեք ցուցիչ
Չկան պիտակներ, Եղեք առաջինը, ով նշում է այս գրառումը!

MARC

LEADER 00000nam a2200000 a 4500
001 UCJ1320
003 CL-VaPUC
008 061013e20060000CL |||||||||||||||||spa|d
020 |a 9562710521 
082 0 4 |a 318.3  |b INF  |2 21 
245 1 0 |a Informe sobre Chile 2006: la base de datos más completa de Chile desde 1975 
250 |a 1a. ed 
300 |a 298 p 
942 |c BK 
945 |d 20061013 00:00:00  |a cmena 
260 |a Santiago  |b Gestión  |c 2006 
650 7 |a DESRROLLO ECONOMICO Y SOCIAL  |2 CL-VaPUC  |9 501895 
650 7 |a COMERCIO INTERNACIONAL  |2 CL-VaPUC  |9 501896 
650 7 |a CUENTAS NACIONALES  |2 CL-VaPUC  |9 344474 
650 0 |a Estado y educación   |9 311264 
651 7 |a CHILE  |2 CL-VaPUC  |9 501897 
583 |a last modification  |c 20061013 00:00:00  |k Rodrigo Vera 
490 0 |a Colección Estrategia 
999 |c 317941  |d 317939 
952 |0 0  |1 0  |4 0  |6 318_300000000000000_INF_2006  |7 0  |8 F  |9 395057  |a BIBENE  |b BIBENE  |d 2019-11-22  |i 428691K  |o 318.3 INF 2006  |p 428691K  |r 2025-01-15  |w 2019-11-22  |y BK_F  |k ICO